|
|
|
|
| LEADER |
01314nam a2200313 a 4500 |
| 001 |
c000010608 |
| 003 |
CARM |
| 005 |
00000000000000.0 |
| 008 |
870219s1988 nyua b 00000 eng |
| 019 |
1 |
|
|a 5194241
|z 26448195
|5 LACONCORD2021
|
| 020 |
|
|
|a 2881241530
|
| 035 |
|
|
|a (OCoLC)15284616
|5 LACONCORD2021
|
| 041 |
1 |
|
|a engjpn
|
| 050 |
0 |
0 |
|a TN705
|b .S84 1988
|
| 245 |
0 |
0 |
|a Steelmaking data sourcebook /
|c by the Japan Society for the Promotion of Science, the 19th Committee on Steelmaking.
|
| 250 |
|
|
|a Rev. ed.
|
| 260 |
|
|
|a New York :
|b Gordon and Breach Science Publishers,
|c 1988.
|
| 300 |
|
|
|a xxii, 325 p. :
|b ill. ;
|c 24 cm.
|
| 500 |
|
|
|a English translation of ... the revised "Recommended equilibrium values for steelmaking reactions" (1968) Cf. Pref.
|
| 504 |
|
|
|a Includes bibliographies.
|
| 650 |
|
0 |
|a Steel
|x Metallurgy.
|
| 650 |
|
0 |
|a Iron alloys
|x Metallurgy.
|
| 650 |
|
0 |
|a Chemical reactions.
|
| 710 |
1 |
0 |
|a Nihon Gakujutsu Shinkokai.
|b Seiko Dai 19 Iinkai.
|
| 730 |
0 |
1 |
|a Recommended equilibrium values for steelmaking reactions.
|
| 852 |
8 |
|
|b CARM
|h A2:AD33G0
|i C03399
|p 0108802
|f BK
|
| 082 |
0 |
4 |
|a 669/.142
|2 19
|
| 999 |
f |
f |
|i 2f620baf-7d40-5241-b15f-0989fd44a9a9
|s a13ed0b4-8300-5a68-9689-2e2ed4da3408
|
| 952 |
f |
f |
|p Can circulate
|a CAVAL
|b CAVAL
|c CAVAL
|d CARM 1 Store
|e C03399
|f A2:AD33G0
|h Other scheme
|i book
|m 0108802
|